| 000 | 00562nam a2200217 4500 | ||
|---|---|---|---|
| 001 | 72859 | ||
| 003 | BD-RjUL | ||
| 005 | 20211209082322.0 | ||
| 008 | 170524s1897 enk || | ||| 001 0 eng d | ||
| 035 | _a(BD-RjUL)73077 | ||
| 040 |
_aBD-RjUL _beng _cBD-RjUL |
||
| 041 | _aeng | ||
| 082 |
_223 _bMIT 1897 _a371.102 |
||
| 100 | 1 |
_aMiall, L. C. _9215510 |
|
| 245 | 1 | 0 |
_aThirty years of teaching / _cL. C. Miall |
| 260 |
_aLondon : _bMacmillan, _c1897. |
||
| 300 |
_a250p. ; _c19 cm. |
||
| 500 | _aIncludes Indexes | ||
| 650 |
_aTeaching _9215511 |
||
| 942 |
_2ddc _cBK |
||
| 999 |
_c72859 _d72859 |
||